Se acabó la pura vida Amenazas y desafíos sociales en la Costa Rica del siglo XXI /
El documento consiste en un estudio de las transformaciones sociales en Costa Rica, tratando de entender las nuevas amenazas y los principales desafíos que enfrenta el país en la era contemporánea, presentando una una visión de tres temas: la fragmentación de clases medias, el riesgo de pauperizació...
محفوظ في:
| المؤلف الرئيسي: | |
|---|---|
| التنسيق: | نص |
| اللغة: | Spanish |
| منشور في: |
Costa Rica :
FLACSO
2009
|
| الموضوعات: | |
| الوسوم: |
إضافة وسم
لا توجد وسوم, كن أول من يضع وسما على هذه التسجيلة!
|
MARC
| LEADER | 00000 a a2200000 04500 | ||
|---|---|---|---|
| 001 | 39912 | ||
| 003 | cru CIDCACS/IIS | ||
| 005 | 20230530115935.0 | ||
| 008 | 230530e2009 cr ||||| |||| 00| 0 spa d | ||
| 020 | |a 978-9977-68-171-9 | ||
| 040 | |c CRAI/IIS | ||
| 043 | |a CR | ||
| 090 | |a 03.02.05 M827s |b M827s | ||
| 100 | |a MORA SALAS, MINOR | ||
| 245 | |a Se acabó la pura vida Amenazas y desafíos sociales en la Costa Rica del siglo XXI / |c Minor Mora Salas | ||
| 260 | |a Costa Rica : |b FLACSO |c 2009 | ||
| 300 | |a 167 páginas | ||
| 300 | |b il. | ||
| 520 | |a El documento consiste en un estudio de las transformaciones sociales en Costa Rica, tratando de entender las nuevas amenazas y los principales desafíos que enfrenta el país en la era contemporánea, presentando una una visión de tres temas: la fragmentación de clases medias, el riesgo de pauperización de sus capas inferiores, la exclusión social como resultado de la fractura social en curso y la realidad emergente de la Costa Rica globalizada. | ||
| 650 | 0 | |a POBREZA |9 284 | |
| 650 | 0 | |a DESIGUALDAD ECONOMICA |9 4894 | |
| 650 | 0 | |a CLASES SOCIALES |9 24 | |
| 650 | 0 | |a EXCLUSION SOCIAL |9 285 | |
| 651 | 0 | |9 32 |a COSTA RICA | |
| 942 | |2 ddc |c LI |h 03.02.05 M827s |i 09175 |6 030205_M827S_09175 | ||
| 999 | |c 16327 |d 16327 | ||



